| 000 | 00447nam a22001697a 4500 | ||
|---|---|---|---|
| 005 | 20180618134856.0 | ||
| 020 | _a8120314352 | ||
| 035 | _aA-950503 | ||
| 037 | _bBPPD/PUB | ||
| 082 | _a658 | ||
| 082 | _a658 | ||
| 100 | _aTom Gorman | ||
| 245 |
_aComplete Idiots Guide to M.B.A. _cby Gorman Tom |
||
| 260 |
_aNew Delhi _bPrentice-Hall of India _c1998 |
||
| 300 |
_axxiii, 387p. _c23cm, (HB) |
||
| 942 |
_2ddc _cEN _h658 _mGOR |
||
| 999 |
_c152782 _d152782 |
||